000 00524nam a2200181 i 4500
001 62286
003 ES-MaACL
005 20250814084552.0
007 t|
008 031119s1978 sp ||||1| spa d
100 1 _aFernández, Cándido.
_9171045
245 1 0 _aIniciación al lenguaje del cine /
_cCándido Fernández.
260 _aValladolid :
_bHeraldo de Valladolid,
_c[1978]
300 _a95 p. :
_bil. col. y n. ;
_c26 cm.
650 0 7 _aCine
_2embne
_911010
852 _aES-MaACL
_jL-4529
999 _c62286
_d62286